000 00356nam a2200157Ia 4500
003 0STCL
008 150530s9999 xx 000 0 und d
040 _aSTCL
_cSTCL
100 _aRichardson, G.; Ramsey, A.S.
245 _aModern plane geometry
260 _c1894
546 _aEnglish
942 _2ddc
_cBK
999 _c24293
_d24293
005 20220125170013.0